| 000 | 04510nam a22002297a 4500 | ||
|---|---|---|---|
| 001 | 8110 | ||
| 003 | FISKH | ||
| 005 | 20250904083645.0 | ||
| 008 | 250825b cb ||||| |||| 00| 0 eng d | ||
| 040 |
_aFISKH _bkhr _cFISKH _dFISKH |
||
| 082 | _a813 | ||
| 100 | _aSaren, Kaum | ||
| 245 |
_aពិភពរឿងនិទានខ្លី _cនិពន្ធនិងគូររូបដោយ ដោយលោក គាំ សារ៉ែន ន |
||
| 260 |
_aPhnom Penh : _bReading Books, _c2013. |
||
| 300 |
_a24 pages : _bcolor illustrations ; _c26 cm |
||
| 505 | _aP | ||
| 520 | _aមាណពនាគនិងសេក មូសខ្លាអស់លក្ខណ៍ កូនប្រចៀវវៃឆ្លាត កុមារអំណត់ និនចារឆ្មាតូតូ ជ្រូកឆច្ខក: កំណើតទឹកទន្លេ ជីងជីងអាប់ឌែត! កុមារជក់ទិព្វ ខ្លាមហាល្ងង់ មូសនិងត្រីល្ងង់ កូនត្រូវតែមានសិទ្ធចូលរៀន ខោរអាវថ្មីខ្ញុំ ដំរីឃោរឃៅ អំណាចចចក កុមារីហីឌី ទឹកចិត្តកូនស្រី ឡានចូកដី បណ្ឌិតធន្ជ័យ បក្សីចាំក្រុង ខ្លាចាញ់ប្រាជ្ញាគីង្គក់និងអណ្ដើក ព្រះអាទិត្យព្រះច័ន្ទដណ្ដើមគ្នារះ ថៅកែសណ្ដែកដី សត្វឆ្កែដ៏រំខាន បុត្រីនាគ ព្រះនាងទេពមច្ឆា មាយាទក្អែក សង្រ្គាមរវាគីង្គក់និងតាព្រហ្ម កុមារសប្បុរស ក្ដាខៀន ខ្ញុំអាចធ្វើបាន ស្រមោច កូនទីទុយដ៏សែនឆ្លាត កុមារក្លាហានទាំង៥ ខ្លាខ្លាចស្រមោច កូនទានពណ៍ខ្មៅ ជន្លេននិងព្រះច័ន្ទ កូនដំរីប្ដូរទម្លាប់ ជន្លេន និងព្រះច័ន្ទ សេះនិងចង្រឹត កូនខ្លាឃ្មុំអូឡាឡាដឹងខុសហើយ សុំទោសខ្ញុំឆ្លាតតែអ៊ីចឹង មហាឬសីប្រោះខ្លា ទឹកភ្នែកគង់ ធ្វើមិត្តល្អបានទេ ត្រចៀក មាត់និងដៃ កូនចាំផ្ទះម្នាក់ឯង ធ្វើបុណ្យទាន់ខែភ្លឺ កូនកង្កែបស្ដាប់ដំបូន្មាន ដើមកំណើតសត្វឆ្មា សត្វតាវៅ ក្រពើរលោកនេន ពស់ថ្លាន់របស់អ្នកតាអង្គសត្វប្រឡាំងកាស ចិញ្ចៀនវេទមន្ត ក្រពើរសច្ចធម៍និងព្រះមហាពោធិសត្វ សត្វខ្លែងនិងអ្នកប្រមាញ់ ទឹកចិត្តកូនប្រុស ឪពុកក្មេករើសកូនប្រសា ធុងទឹក កូនខ្លាឃ្មុំទាំងបី ត្រចៀកមាត់និងដៃ ទន្សាយចាញ់ប្រាជ្ញាខ្យង ដើមកំណើតសត្វកូនលោក ជ្រូកដ៏អស្ចារ្យរបស់ខ្ញុំ ប៉ូលិសទន្សាយកំចាត់គ្រឿងញៀន កូនបង្គួយកូដូមូ បងប្អូនពីរនាក់ ត្រចៀកកាំចាបនិងគ្រាប់ធ្មៃ កូនឆ្មាអនាថា ក្មេងខាត់ស្បែកជើង អណ្ដើកតូច កូនដំរីប្ដូរទម្លាប់ កូនខ្លាឃ្មុំអូឡាឡា ដឹងខុសហើយ ដើមកំណើតសត្វផ្សោត ព្រះនាងទពមច្ឆា ខ្លាធំនិងសេក | ||
| 521 | 8 |
_a650
_bLexile estimate |
|
| 521 | 8 |
_aP
_bRaz-Plus |
|
| 942 |
_2ddc _cKHB _n0 |
||
| 999 |
_c8110 _d8110 |
||